000 00401nam a22001697a 4500
005 20180220153906.0
008 160618b xxu||||| |||| 00| 0 eng d
020 _a81-7446-497-2
041 _aeng
082 _b8298
_a001.42
100 _aBhattcharya, Dipak Kumar
_92272
245 _aResearh Methodology
260 _bExcel book
_c2006
300 _a376
650 _aManagement
_9241
942 _cBK
999 _c3179
_d3178